| 000 | 00474nam a2200121Ia 4500 | ||
|---|---|---|---|
| 008 | 171212s9999 xx 000 0 und d | ||
| 020 | _a9780874216738 | ||
| 245 |
_ceditor Sherman, Sharon R.;Koven, Mikel J. _aFolklore/Cinema _bPopular Film as Vernacular Culture |
||
| 260 |
_bUniversity Press of Colorado _c2007 |
||
| 650 | _aMotion pictures; Folklore in motion pictures; Culture in motion pictures | ||
| 650 | _aSociology | ||
| 856 | _uwww.jstor.org/stable/10.2307/j.ctt4cgnbm | ||
| 999 |
_c353069 _d353069 |
||